Normal view
MARC view
- Language & Literature
Entry Topical Term
001 - CONTROL NUMBER
- control field: 4683
003 - CONTROL NUMBER IDENTIFIER
- control field: NUST
005 - DATE AND TIME OF LATEST TRANSACTION
- control field: 20170920123350.0
008 - FIXED-LENGTH DATA ELEMENTS
- fixed length control field: 170920|| aca||aabn | a|a d
040 ## - CATALOGING SOURCE
- Original cataloging agency: NUST
- Transcribing agency: NUST
150 ## - HEADING--TOPICAL TERM
- Topical term or geographic name entry element: Language & Literature
670 ## - SOURCE DATA FOUND
- Source citation: Work cat.: (NUST)0: Muḥammad Bak̲h̲sh, 1830-1907. 4682, Saif al-Mulūk /
